000 01699nam1a2200289 4500
001 RU\NLR\BIBL_A\010570069
005 20141222152430.0
035 _a(NLR Aleph) 010570069
090 _a10420609
_c10420609
100 _a20140124g20139999k y0rusy50 ca
101 0 _arus
102 _aRU
105 _a ||7|||11|yy
200 1 _aОбразование в поликультурном обществе
_eмеждународная научно-практическая конференция, 6-7 декабря 2012 г.
_eсборник научных трудов
_f[науч. ред.: акад. РАО Г. А. Бордовский]
210 _aСанкт-Петербург
_cДиалог культур
_cАстерион
_d2013
215 _d21
300 _aВ надзаг.: Рос. гос. пед. ун-т им. А. И. Герцена, Каф. ЮНЕСКО "Образование в политкульт. о-ве", Сев.-Зап. отд-ние РАО
300 _aНа тит. л.: К 20-летию каф. ЮНЕСКО
606 1 _aОбразование
_jСъезды, совещания и т.п
_2nlr_sh2
_3RU\NLR\AUTH\661010307
686 1 _aЧ34я431
702 1 _aБордовский
_bГ. А.
_f1941-
_gГеннадий Алексеевич
_3RU\NLR\AUTH\7719630
_4340
711 1 2 _a"Современное образование в поликультурном обществе", международная научно-практическая конференция
_f2012
_eСанкт-Петербург
_3RU\NLR\AUTH\880361099
852 _aNLR
_j2014-3/1473
942 _cBOOK
980 _aNB